| 000 | 01197cam a2200313 a 4500 | ||
|---|---|---|---|
| 005 | 20260322212046.0 | ||
| 008 | data | ||
| 010 | _a 90085644 | ||
| 020 | _a0941270688 (pbk.) | ||
| 020 | _a9780941270687 (pbk.) | ||
| 040 |
_aDLC _cDLC _dDLC |
||
| 042 | _alcac | ||
| 043 | _an-ust-- | ||
| 050 | 0 | 0 |
_aE99.P9 _bU314 1991 _9PIMC |
| 082 | 0 | 0 |
_a979/.00497 _220 |
| 100 | 1 |
_aUnderhill, Ruth Murray, _d1884-1984. |
|
| 245 | 1 | 0 |
_aLife in the Pueblos / _cRuth Underhill. |
| 250 | _a1st Ancient City Press ed. | ||
| 260 |
_aSanta Fe, N.M. : _bAncient City Press, _cc1991. |
||
| 300 |
_a154 p. : _bill., maps ; _c26 cm. |
||
| 500 | _aRev. ed. of: Work a day life of the Pueblos, 1946. | ||
| 520 | _aIntroduces the daily life of the Pueblo Indians, past and present, describing their food, shelter, clothing, games, and other aspects of their existence. | ||
| 650 | 0 |
_aPueblo Indians _xSocial life and customs. |
|
| 650 | 1 |
_aPueblo Indians _xSocial life and customs. |
|
| 650 | 1 |
_aIndians of North America _zSouthwest, New _xSocial life and customs. |
|
| 651 | 0 |
_aSouthwest, New _xSocial life and customs. |
|
| 700 | 1 |
_aUnderhill, Ruth Murray, _d1884-1984. _tWork a day life of the Pueblos. |
|
| 001 | data | ||
| 999 |
_c1095 _d1095 |
||